000 01480nab a22002537a 4500
999 _c5555
_d5555
003 OSt
005 20251218075720.0
008 190429b xxu||||| |||| 00| 0 spa d
040 _cPJ
100 _96451
_aSwinnen, Jérémie
245 1 0 _aJuicio en ausencia en Argentina :
_bnueva ley y su impacto en la Justicia nacional e internacional /
_cJérémie Swinnen.
260 _cCiudad Autónoma de Buenos Aires :
_aThomson Reuters La Ley,
_b2025.
300 _ap. 53-63
500 _aCita: TR LALEY AR/DOC/406/2025
505 _aSumario: I. Introducción.— II. Algunas reflexiones iniciales.— III. Legislación comparada sobre el juicio en ausencia.— IV. Tribunales internacionales: la experiencia en los procesos penales internacionales.— V. Otros tribunales penales internacionales: Tribunales Penales Ad-Hoc y Tribunales Penales Mixtos.— VI. Tribunal Europeo de Derechos Humanos y las garantías de un juicio en ausencia.— VII. Diferentes enfoques con objetivos comunes.— VIII. Conclusión.
505 _tSi te interesa el texto completo, solicitalo a koha@justierradelfuego.gov.ar
650 0 _9343
_aDERECHO PENAL
650 0 _92348
_aPROCESO PENAL
650 0 _96534
_aJUICIO EN AUSENCIA
650 0 _9586
_aDEFENSA EN JUICIO
650 0 _93088
_aJUICIO ABREVIADO
773 0 _02658
_93164
_tRevista de derecho penal y criminología. Nº 3 - Abril 2025
_dCiudad Autónoma de Buenos Aires : Thomson Reuters La Ley, 2017-
_x00347914
942 _2udc
_cANA